000 00459nam a2200169 i 4500
001 93770
003 ES-MaACL
005 20230906181318.0
007 t|
008 050420s1961 sp ||||1| spa d
100 1 _aLópez Flores, Manuel.
_973643
245 1 0 _aItálica /
_cManuel López Flores.
260 _aMadrid :
_bClásica,
_c1961.
300 _a303 p. :
_bil. ;
_c25 cm.
500 _a"Con retrato del autor"
852 _aES-MaACL
_jC-20099
_bR.48693
999 _c93770
_d93770